00727 2200265 4500001002100000005001700021008004100038020002200079035002400101041000800125043001300133082001800146090002700164090001600191100002100207245004800228260004500276300002300321650002200344850001200366990001800378990001800396990001800414990002900432YOGYA-0411000000038220110405125751.0 ind  a978-979-042-000-7 0010-041100000000382 aInd aYOPD DIY a069.095 982 3 aK 069.095 982 3bUta J aK 069 Uta J aUtami, Vievid D. aJelajah museum Yogjakarta / Vievid D. Utami aYogjakartabEmpat Pilar Pendidikanc2008 a68 hlmbilus 25 cm aMuseum-Yogjakarta aYOPDYOG a50441-PD/B.10 a50440-PD/B.10 a50439-PD/B.10 a1524 - 1526 - PD/B.11b3